000 00661nam a2200205 i 4500
001 89269
003 ES-MaACL
005 20230906180131.0
007 t|
008 050105q1945 sp ac |||| | spa d
100 1 _aDe la Roche, Mazo.
_943058
245 1 3 _aLa fortuna de Finch
_b: (una obra de la familia Whiteoak) /
_cpor Mazo De la Roche ; [versión castellana, José Rodríguez Arias].
260 _aMadrid :
_bLa Nave,
_c[1945?]
300 _a381 p. :
_b1 retr. autor, il. ;
_c16 cm.
490 1 _aLa nave ;
_v56
700 1 _aRodríguez Arias, José.
_998349
830 0 _aLa nave ;
_v56
_9182879
852 _aES-MaACL
_jD-5744
999 _c89269
_d89269